Statistics for Disney Characters beginning with Z

Click here to take the quiz!

General Stats

  • This quiz has been taken 4 times
  • The average score is 1 of 6

Answer Stats

Answer% Correct
Zeus
67%
Zazu the Hornbill
33%
Zini
33%
Ziggy the Vulture
0%
Zipper
0%
Zira
0%

Score Distribution

Percentile by Number Answered

Percent of People with Each Score

Your Score History

You have not taken this quiz